| 000 | 00000nas 2200000za 4500 |
| 001 | 9.864361 |
| 003 | CaOODSP |
| 005 | 20221107161523 |
| 007 | cr ||||||||||| |
| 008 | 181107d19171919oncar p oss f000#b0eng|d |
| 040 | |aCaOODSP|beng |
| 041 | |aeng|afre |
| 043 | |an-cn--- |
| 086 | 1 |aCS35-204-PDF |
| 245 | 00|aLumber, lath, shingles, etc. |h[electronic resource]. |
| 246 | 15|aBois de construction, lattes, bardeaux, etc. |
| 246 | 1 |iAt head of title: |aCensus of Industry |
| 260 | |aOttawa : |bDominion Bureau of Statistics, |c1919-1922. |
| 300 | |a3 v. |
| 310 | |aAnnual |
| 362 | 0 |a1917-1919. |
| 490 | 0 |aSessional paper |
| 500 | |aTitle from cover. |
| 500 | |aAt head of title: Census of Industry |
| 500 | |aAdded title page: Bois de construction, lattes, bardeaux, etc. |
| 500 | |a"Prepared in collaboration with the Dominion Forestry Branch; the Department of Crown Lands, Nova Scotia; the Department of Lands and Mines, New Brunswick; the Department of Lands and Forests, Quebec; and the Department of Lands, British Columbia." |
| 500 | |aDigitized edition from print [produced by Statistics Canada] |
| 546 | |aText in English and French. French text follows the English. |
| 580 | |aContinued by: The lumber industry. |
| 692 | 07|2gccst|aLumber industry |
| 710 | 1 |aCanada. |bDominion Bureau of Statistics. |
| 710 | 1 |aCanada.|bCensus of Industry. |
| 785 | 00|tThe lumber industry |w(CaOODSP)9.864372 |
| 792 | |tLumber, lath, shingles, etc. |efre|w(CaOODSP)9.864365 |